[Event "MP do lat 16 - dziewczeta"]
[Site "Sypniewo"]
[Date "2022.03.25"]
[Round "7.20"]
[White "Kaznowska, Kinga"]
[Black "Staniewicz, Adrianna"]
[Result "0-1"]
[BlackElo "1376"]
[WhiteElo "1239"]
[LiveChessVersion "1.4.8"]

1. e4 {[%clk 1:30:57]} c5 {[%clk 1:30:51]} 2. Nf3 {[%clk 1:31:23]} e6
{[%clk 1:31:14]} 3. g3 {[%clk 1:31:49]} Nc6 {[%clk 1:31:30]} 4. Bg2
{[%clk 1:32:14]} a6 {[%clk 1:31:14]} 5. c3 {[%clk 1:32:27]} d5 {[%clk 1:29:52]}
6. exd5 {[%clk 1:32:42]} exd5 {[%clk 1:30:13]} 7. d4 {[%clk 1:33:04]} c4
{[%clk 1:29:08]} 8. O-O {[%clk 1:29:53]} Be7 {[%clk 1:27:31]} 9. Re1
{[%clk 1:28:16]} Nf6 {[%clk 1:26:28]} 10. Bg5 {[%clk 1:28:12]} O-O
{[%clk 1:25:49]} 11. Nbd2 {[%clk 1:28:26]} Be6 {[%clk 1:21:26]} 12. Ne5
{[%clk 1:24:56]} h6 {[%clk 1:14:27]} 13. Bxf6 {[%clk 1:24:05]} Bxf6
{[%clk 1:14:45]} 14. Ndf3 {[%clk 1:24:22]} Re8 {[%clk 1:10:02]} 15. Qd2
{[%clk 1:23:56]} Ne7 {[%clk 0:57:07]} 16. Re2 {[%clk 1:19:45]} Qc8
{[%clk 0:52:28]} 17. b3 {[%clk 1:17:48]} Rb8 {[%clk 0:50:00]} 18. h4
{[%clk 1:17:13]} b5 {[%clk 0:48:22]} 19. b4 {[%clk 1:17:21]} Bh3 {[%clk 0:44:50]}
20. Kh2 {[%clk 1:15:57]} Bxg2 {[%clk 0:44:18]} 21. Kxg2 {[%clk 1:16:21]} Nf5
{[%clk 0:41:27]} 22. Ree1 {[%clk 1:13:49]} Nd6 {[%clk 0:38:39]} 23. Qc2
{[%clk 1:13:16]} Rb7 {[%clk 0:36:25]} 24. Nd2 {[%clk 1:12:52]} Rbe7
{[%clk 0:34:31]} 25. Nef3 {[%clk 1:10:41]} Rxe1 {[%clk 0:32:08]} 26. Rxe1
{[%clk 1:11:03]} Rxe1 {[%clk 0:32:23]} 27. Nxe1 {[%clk 1:11:27]} Qg4
{[%clk 0:29:46]} 28. Nef3 {[%clk 1:08:57]} g5 {[%clk 0:24:21]} 29. hxg5
{[%clk 1:09:19]} Bxg5 {[%clk 0:23:23]} 30. Nxg5 {[%clk 1:09:41]} hxg5
{[%clk 0:22:42]} 31. Nf3 {[%clk 1:08:59]} Qe4 {[%clk 0:21:49]} 32. Qxe4
{[%clk 0:54:58]} Nxe4 {[%clk 0:22:12]} 33. Kf1 {[%clk 0:55:17]} f6
{[%clk 0:20:18]} 34. Ng1 {[%clk 0:53:13]} Nxc3 {[%clk 0:20:30]} 35. a3
{[%clk 0:53:37]} Kf7 {[%clk 0:19:38]} 36. Ke1 {[%clk 0:53:58]} Ke6
{[%clk 0:19:43]} 37. Kd2 {[%clk 0:54:15]} Ne4+ {[%clk 0:18:52]} 38. Ke3
{[%clk 0:54:33]} Kf5 {[%clk 0:17:21]} 39. g4+ {[%clk 0:54:21]} Ke6
{[%clk 0:17:24]} 40. f3 {[%clk 1:24:45]} Nd6 {[%clk 0:46:51]} 41. Ne2
{[%clk 1:25:03]} f5 {[%clk 0:42:29]} 42. gxf5+ {[%clk 1:24:03]} Nxf5+
{[%clk 0:42:12]} 43. Kd2 {[%clk 1:24:24]} Kd6 {[%clk 0:41:44]} 44. Kc3
{[%clk 1:24:23]} Ke6 {[%clk 0:41:04]} 45. Kd2 {[%clk 1:24:41]} Nh4
{[%clk 0:38:03]} 46. Ke3 {[%clk 1:13:18]} Ng2+ {[%clk 0:37:06]} 47. Kf2
{[%clk 1:13:38]} Nf4 {[%clk 0:37:27]} 48. Ng3 {[%clk 1:13:45]} Kf6
{[%clk 0:32:01]} 49. Ke1 {[%clk 1:13:31]} Ne6 {[%clk 0:31:28]} 50. Ne2
{[%clk 1:13:37]} Kf5 {[%clk 0:31:15]} 51. Kd2 {[%clk 1:13:46]} g4
{[%clk 0:30:18]} 52. fxg4+ {[%clk 1:14:01]} Kxg4 {[%clk 0:30:38]} 53. Ke3
{[%clk 1:12:55]} Kf5 {[%clk 0:28:43]} 54. Nc3 {[%clk 1:12:59]} Nc7
{[%clk 0:27:45]} 55. a4 {[%clk 1:11:56]} Kg4 {[%clk 0:26:57]} 56. a5
{[%clk 1:12:11]} Kf5 {[%clk 0:24:27]} 57. Kf3 {[%clk 1:12:13]} Ke6
{[%clk 0:23:30]} 58. Kg4 {[%clk 1:11:58]} Kd6 {[%clk 0:23:27]} 59. Kf4
{[%clk 1:12:06]} Ne6+ {[%clk 0:23:31]} 60. Ke3 {[%clk 1:12:30]} Nd8
{[%clk 0:23:20]} 61. Na2 {[%clk 1:10:12]} Nc6 {[%clk 0:23:35]} 62. Kd2
{[%clk 1:10:30]} Ke6 {[%clk 0:23:55]} 63. Kc3 {[%clk 1:10:51]} Kf5
{[%clk 0:24:16]} 64. Nc1 {[%clk 1:11:02]} Ke4 {[%clk 0:24:24]} 65. Ne2
{[%clk 1:11:05]} Ke3 {[%clk 0:24:42]} 66. Ng3 {[%clk 1:11:10]} Nxd4
{[%clk 0:23:37]} 67. Nf1+ {[%clk 1:11:28]} Kf2 {[%clk 0:23:05]} 68. Nd2
{[%clk 1:11:45]} Nc6 {[%clk 0:23:18]} 0-1

[Event "MP do lat 16 - dziewczeta"]
[Site "Sypniewo"]
[Date "2022.03.25"]
[Round "7.21"]
[White "Zalewska, Malgorzata"]
[Black "Walendykiewicz, Martyna"]
[Result "1/2-1/2"]
[BlackElo "1224"]
[WhiteElo "1338"]
[LiveChessVersion "1.4.8"]

1. e4 {[%clk 1:30:59]} e5 {[%clk 1:30:54]} 2. Nf3 {[%clk 1:31:23]} Nf6
{[%clk 1:31:16]} 3. Nxe5 {[%clk 1:31:47]} d6 {[%clk 1:31:39]} 4. Nf3
{[%clk 1:32:11]} Nxe4 {[%clk 1:31:46]} 5. Nc3 {[%clk 1:32:34]} Nxc3
{[%clk 1:32:03]} 6. dxc3 {[%clk 1:32:57]} Be7 {[%clk 1:32:00]} 7. Be3
{[%clk 1:33:18]} Nc6 {[%clk 1:31:46]} 8. Qd2 {[%clk 1:33:37]} Be6
{[%clk 1:31:36]} 9. Bd3 {[%clk 1:33:56]} a6 {[%clk 1:31:16]} 10. O-O-O
{[%clk 1:34:00]} Qd7 {[%clk 1:30:03]} 11. Kb1 {[%clk 1:33:22]} Bg4
{[%clk 1:26:03]} 12. Be2 {[%clk 1:31:13]} O-O-O {[%clk 1:22:15]} 13. h3
{[%clk 1:29:02]} Be6 {[%clk 1:21:19]} 14. Nd4 {[%clk 1:25:19]} Bf6
{[%clk 1:20:22]} 15. Nxe6 {[%clk 1:24:14]} fxe6 {[%clk 1:20:37]} 16. Bd4
{[%clk 1:24:26]} Nxd4 {[%clk 1:18:04]} 17. cxd4 {[%clk 1:24:46]} Kb8
{[%clk 1:17:35]} 18. Rhe1 {[%clk 1:21:27]} Rhe8 {[%clk 1:12:49]} 19. Bg4
{[%clk 1:16:53]} Qf7 {[%clk 1:12:20]} 20. Qe2 {[%clk 1:14:29]} e5
{[%clk 1:10:38]} 21. d5 {[%clk 1:14:43]} Rf8 {[%clk 1:09:39]} 22. Be6
{[%clk 1:13:04]} Qe8 {[%clk 1:09:21]} 23. Rd3 {[%clk 1:10:34]} Qb5
{[%clk 1:08:33]} 24. Qe4 {[%clk 1:09:44]} Qb6 {[%clk 1:03:15]} 25. Rf1
{[%clk 1:06:57]} g6 {[%clk 1:02:29]} 26. Rb3 {[%clk 1:06:01]} Qd4
{[%clk 1:01:37]} 27. Qe2 {[%clk 1:04:43]} Ka7 {[%clk 1:01:02]} 28. Rd1
{[%clk 1:03:22]} Qc5 {[%clk 1:00:21]} 29. Rc3 {[%clk 0:59:30]} Qb6
{[%clk 0:57:18]} 30. f3 {[%clk 0:57:27]} Bh8 {[%clk 0:54:56]} 31. Qc4
{[%clk 0:55:40]} Qc5 {[%clk 0:48:13]} 32. Qh4 {[%clk 0:52:51]} Qb6
{[%clk 0:42:49]} 33. Qxh7 {[%clk 0:52:50]} e4 {[%clk 0:40:56]} 34. Rb3
{[%clk 0:51:27]} Qc5 {[%clk 0:41:11]} 35. Qxg6 {[%clk 0:47:13]} exf3
{[%clk 0:41:19]} 36. gxf3 {[%clk 0:47:23]} Rf4 {[%clk 0:39:37]} 37. Qd3
{[%clk 0:42:15]} Rdf8 {[%clk 0:37:41]} 38. Bg4 {[%clk 0:39:56]} Rd4
{[%clk 0:31:47]} 39. Qf1 {[%clk 0:39:40]} Rff4 {[%clk 0:26:29]} 40. Rxd4
{[%clk 1:08:02]} Rxd4 {[%clk 0:56:31]} 41. Be6 {[%clk 1:04:13]} Rd2
{[%clk 0:56:14]} 42. Qc1 {[%clk 1:04:27]} Qd4 43. Rd3 {[%clk 1:04:20]} Rxd3
{[%clk 0:56:12]} 44. cxd3 {[%clk 1:04:48]} Qxd3+ {[%clk 0:56:34]} 45. Qc2
{[%clk 1:03:46]} Qf1+ {[%clk 0:56:25]} 46. Qc1 {[%clk 1:04:03]} Qd3+
{[%clk 0:55:05]} 47. Qc2 1/2-1/2

[Event "MP do lat 16 - dziewczeta"]
[Site "Sypniewo"]
[Date "2022.03.25"]
[Round "7.22"]
[White "Reszka, Barbara"]
[Black "Olszewska, Wiktoria"]
[Result "0-1"]
[BlackElo "1262"]
[WhiteElo "1156"]
[LiveChessVersion "1.4.8"]

1. e4 {[%clk 1:30:57]} c6 {[%clk 1:30:50]} 2. d4 {[%clk 1:31:14]} d5
{[%clk 1:31:13]} 3. Nc3 {[%clk 1:31:34]} dxe4 {[%clk 1:31:29]} 4. Nxe4
{[%clk 1:31:55]} Bf5 {[%clk 1:31:40]} 5. Ng3 {[%clk 1:32:15]} Bg6
{[%clk 1:32:04]} 6. h4 {[%clk 1:32:34]} h6 {[%clk 1:31:53]} 7. f4
{[%clk 1:32:40]} e6 {[%clk 1:22:12]} 8. Nf3 {[%clk 1:32:36]} Nd7 {[%clk 1:13:59]}
9. Ne5 {[%clk 1:26:53]} Nxe5 {[%clk 1:05:18]} 10. fxe5 {[%clk 1:26:34]} Be7
{[%clk 1:04:53]} 11. c3 {[%clk 1:23:39]} Bxh4 {[%clk 1:03:29]} 12. Qf3
{[%clk 1:17:08]} Bxg3+ {[%clk 0:54:16]} 13. Qxg3 {[%clk 1:17:14]} Ne7
{[%clk 0:54:14]} 14. Bd2 {[%clk 1:12:36]} Qb6 {[%clk 0:51:36]} 15. O-O-O
{[%clk 1:06:15]} O-O-O {[%clk 0:44:38]} 16. Bd3 {[%clk 1:05:13]} Kb8
{[%clk 0:39:21]} 17. Bxg6 {[%clk 1:01:24]} Nxg6 {[%clk 0:39:18]} 18. Be3
{[%clk 0:58:19]} Qa6 {[%clk 0:32:51]} 19. Kb1 {[%clk 0:54:52]} Rd7
{[%clk 0:30:28]} 20. Rdf1 {[%clk 0:52:28]} Rhd8 {[%clk 0:27:07]} 21. Rf3
{[%clk 0:48:42]} c5 {[%clk 0:24:04]} 22. Rhf1 {[%clk 0:44:06]} Ne7
{[%clk 0:21:11]} 23. Qf2 {[%clk 0:31:28]} Nf5 {[%clk 0:18:49]} 24. dxc5
{[%clk 0:24:48]} Nxe3 {[%clk 0:07:57]} 25. Qxe3 {[%clk 0:22:25]} Rd3
{[%clk 0:07:37]} 26. Qc1 {[%clk 0:20:45]} Rd2 {[%clk 0:05:45]} 27. g3
{[%clk 0:18:24]} Qe2 {[%clk 0:05:47]} 28. R1f2 {[%clk 0:18:02]} Qe4+
{[%clk 0:05:52]} 29. Ka1 {[%clk 0:17:30]} Rd1 {[%clk 0:06:03]} 30. a3
{[%clk 0:16:35]} Rxc1+ {[%clk 0:06:20]} 31. Ka2 {[%clk 0:17:00]} Qc4+
{[%clk 0:05:15]} 32. b3 {[%clk 0:17:20]} Qxc5 {[%clk 0:05:14]} 0-1

[Event "MP do lat 16 - dziewczeta"]
[Site "Sypniewo"]
[Date "2022.03.25"]
[Round "7.23"]
[White "Wiecek, Karolina"]
[Black "Lach, Alicja"]
[Result "0-1"]
[BlackElo "1327"]
[WhiteElo "1227"]
[LiveChessVersion "1.4.8"]

1. d4 {[%clk 1:30:57]} d5 {[%clk 1:30:57]} 2. c4 {[%clk 1:31:15]} e6
{[%clk 1:31:23]} 3. Nc3 {[%clk 1:31:38]} c5 {[%clk 1:31:46]} 4. Nf3
{[%clk 1:22:36]} Nc6 {[%clk 1:30:17]} 5. cxd5 {[%clk 1:19:12]} exd5
{[%clk 1:30:35]} 6. Bf4 {[%clk 1:14:27]} Nf6 {[%clk 1:27:29]} 7. e3
{[%clk 1:11:44]} c4 {[%clk 1:20:06]} 8. Be2 {[%clk 1:09:18]} Be7 {[%clk 1:12:59]}
9. h3 {[%clk 1:06:34]} O-O {[%clk 1:12:31]} 10. O-O {[%clk 1:05:48]} a6
{[%clk 1:11:13]} 11. Ne5 {[%clk 0:56:44]} Bf5 {[%clk 1:01:48]} 12. Nxc6
{[%clk 0:53:30]} bxc6 {[%clk 1:01:55]} 13. Qa4 {[%clk 0:49:44]} c5
{[%clk 0:55:31]} 14. dxc5 {[%clk 0:45:26]} Bxc5 {[%clk 0:55:41]} 15. Qd1
{[%clk 0:41:03]} Rc8 {[%clk 0:50:13]} 16. Bg5 {[%clk 0:36:55]} d4
{[%clk 0:46:44]} 17. exd4 {[%clk 0:33:53]} Bxd4 {[%clk 0:43:07]} 18. Qa4
{[%clk 0:29:34]} Qb6 {[%clk 0:37:40]} 19. Bxf6 {[%clk 0:26:17]} Bxf6
{[%clk 0:36:47]} 20. Nd5 {[%clk 0:25:34]} Qxb2 {[%clk 0:34:42]} 21. Nxf6+
{[%clk 0:25:58]} Qxf6 {[%clk 0:34:57]} 22. Bxc4 {[%clk 0:26:14]} Rc6
{[%clk 0:33:16]} 23. Bd5 {[%clk 0:12:41]} Rd6 {[%clk 0:28:46]} 24. Bb3
{[%clk 0:11:19]} Qg6 {[%clk 0:24:55]} 25. Qh4 {[%clk 0:06:55]} Rd3
{[%clk 0:20:05]} 26. Bc2 {[%clk 0:03:40]} Rd2 {[%clk 0:15:16]} 27. Bxf5
{[%clk 0:03:49]} Qxf5 {[%clk 0:15:38]} 28. g4 {[%clk 0:02:48]} Qd5
{[%clk 0:15:24]} 29. Rfd1 {[%clk 0:02:53]} Rxd1+ {[%clk 0:15:34]} 0-1

[Event "MP do lat 16 - dziewczeta"]
[Site "Sypniewo"]
[Date "2022.03.26"]
[Round "8.1"]
[White "Mroz, Lena"]
[Black "Zabrzanska, Weronika"]
[Result "0-1"]
[BlackElo "1942"]
[WhiteElo "1773"]
[LiveChessVersion "1.4.8"]

1. e4 {[%clk 1:30:59]} e5 {[%clk 1:30:51]} 2. Nf3 {[%clk 1:31:14]} Nc6
{[%clk 1:31:14]} 3. d4 {[%clk 1:31:37]} exd4 {[%clk 1:31:34]} 4. Nxd4
{[%clk 1:31:58]} Bc5 {[%clk 1:31:55]} 5. Be3 {[%clk 1:32:03]} Qf6
{[%clk 1:31:44]} 6. c3 {[%clk 1:32:20]} Nge7 {[%clk 1:30:51]} 7. g3
{[%clk 1:32:14]} h5 {[%clk 1:30:25]} 8. h3 {[%clk 1:32:11]} h4 {[%clk 1:30:07]}
9. g4 {[%clk 1:31:56]} Ng6 {[%clk 1:28:25]} 10. Bg2 {[%clk 1:18:54]} Nf4
{[%clk 1:24:32]} 11. O-O {[%clk 1:16:58]} Ne5 {[%clk 1:10:18]} 12. Nb5
{[%clk 0:58:17]} Bb6 {[%clk 1:09:27]} 13. a4 {[%clk 0:38:29]} a6 {[%clk 0:55:31]}
14. Bxb6 {[%clk 0:18:31]} Qxb6 {[%clk 0:53:45]} 15. Nd4 {[%clk 0:15:07]} Qxb2
{[%clk 0:52:16]} 16. Ra3 {[%clk 0:12:12]} Nxg2 {[%clk 0:48:10]} 17. Rb3
{[%clk 0:07:30]} Qa2 {[%clk 0:47:58]} 18. Ra3 {[%clk 0:05:20]} Qc4
{[%clk 0:47:16]} 19. Kxg2 {[%clk 0:05:27]} d6 {[%clk 0:41:55]} 20. Nd2
{[%clk 0:03:32]} Qc5 {[%clk 0:39:45]} 21. Rb3 {[%clk 0:02:31]} Rb8
{[%clk 0:39:04]} 22. Qb1 {[%clk 0:01:23]} Rh6 {[%clk 0:34:02]} 23. Rc1
{[%clk 0:00:51]} Ng6 {[%clk 0:31:07]} 24. N2f3 {[%clk 0:00:53]} Nf4+
{[%clk 0:31:19]} 25. Kh2 {[%clk 0:01:02]} Rf6 {[%clk 0:25:43]} 26. Re1
{[%clk 0:00:50]} Ne6 {[%clk 0:24:53]} 27. Re2 {[%clk 0:00:45]} Qc4
{[%clk 0:21:37]} 28. Re3 {[%clk 0:00:43]} Qxa4 {[%clk 0:20:17]} 29. Rb4
{[%clk 0:00:51]} Qd7 {[%clk 0:19:50]} 30. Nf5 {[%clk 0:00:57]} g6
{[%clk 0:18:00]} 31. g5 {[%clk 0:00:54]} c5 {[%clk 0:14:32]} 32. Rb2
{[%clk 0:01:09]} Nxg5 {[%clk 0:14:47]} 33. Nxg5 {[%clk 0:01:36]} gxf5
{[%clk 0:14:52]} 34. exf5+ {[%clk 0:02:04]} Kd8 {[%clk 0:15:06]} 35. Rbe2
{[%clk 0:01:58]} b5 {[%clk 0:14:54]} 36. Qa1 {[%clk 0:00:44]} d5 {[%clk 0:12:33]}
37. Qa5+ {[%clk 0:00:38]} Qc7+ {[%clk 0:11:55]} 38. Qxc7+ {[%clk 0:00:57]} Kxc7
{[%clk 0:12:21]} 39. Re7+ {[%clk 0:00:45]} Bd7 {[%clk 0:11:40]} 40. R2e5
{[%clk 0:30:46]} Kc6 {[%clk 0:39:57]} 41. Rxf7 {[%clk 0:22:56]} Rf8
{[%clk 0:36:17]} 42. Rxd7 {[%clk 0:09:18]} Kxd7 {[%clk 0:36:32]} 43. Nh7
{[%clk 0:08:00]} Kd6 {[%clk 0:36:20]} 44. Nxf6 {[%clk 0:06:17]} Rxf6
{[%clk 0:36:46]} 45. f4 {[%clk 0:06:22]} b4 {[%clk 0:36:45]} 46. cxb4
{[%clk 0:06:26]} cxb4 {[%clk 0:37:13]} 47. Kg2 {[%clk 0:06:01]} Kc5
{[%clk 0:37:07]} 48. Kf3 {[%clk 0:05:48]} b3 {[%clk 0:37:15]} 49. Re3
{[%clk 0:05:51]} b2 {[%clk 0:36:37]} 0-1

[Event "MP do lat 16 - dziewczeta"]
[Site "Sypniewo"]
[Date "2022.03.26"]
[Round "8.2"]
[White "Siekanska, Maria"]
[Black "Bukala, Weronika"]
[Result "1/2-1/2"]
[BlackElo "1801"]
[WhiteElo "1989"]
[LiveChessVersion "1.4.8"]

1. d4 {[%clk 1:30:59]} Nf6 {[%clk 1:30:46]} 2. c4 {[%clk 1:31:22]} g6
{[%clk 1:31:04]} 3. Nc3 {[%clk 1:31:42]} Bg7 {[%clk 1:31:24]} 4. e4
{[%clk 1:32:04]} d6 {[%clk 1:31:47]} 5. Nf3 {[%clk 1:32:25]} O-O {[%clk 1:31:15]}
6. Be2 {[%clk 1:32:49]} e5 {[%clk 1:31:02]} 7. O-O {[%clk 1:32:56]} Bg4
{[%clk 1:30:59]} 8. d5 {[%clk 1:33:01]} a5 {[%clk 1:31:05]} 9. Qc2
{[%clk 1:27:33]} Na6 {[%clk 1:30:23]} 10. Be3 {[%clk 1:24:39]} Bd7
{[%clk 1:29:23]} 11. c5 {[%clk 1:14:50]} Ng4 {[%clk 1:23:34]} 12. Bg5
{[%clk 1:03:31]} f6 {[%clk 1:18:58]} 13. c6 {[%clk 1:02:50]} bxc6
{[%clk 1:13:59]} 14. dxc6 {[%clk 1:02:42]} Be6 {[%clk 1:11:33]} 15. Bd2
{[%clk 0:59:49]} Qe8 {[%clk 0:56:11]} 16. Bb5 {[%clk 0:39:08]} Kh8
{[%clk 0:42:41]} 17. Rac1 {[%clk 0:37:57]} g5 {[%clk 0:42:20]} 18. Rfd1
{[%clk 0:34:32]} Nh6 {[%clk 0:41:22]} 19. Be3 {[%clk 0:28:22]} g4
{[%clk 0:39:04]} 20. Nh4 {[%clk 0:27:56]} Qh5 {[%clk 0:34:37]} 21. g3
{[%clk 0:28:06]} f5 {[%clk 0:32:20]} 22. exf5 {[%clk 0:27:29]} Bxf5
{[%clk 0:27:21]} 23. Qe2 {[%clk 0:26:31]} Bc8 {[%clk 0:27:20]} 24. Nd5
{[%clk 0:25:36]} Ng8 {[%clk 0:24:34]} 25. a3 {[%clk 0:24:10]} Qf7
{[%clk 0:20:04]} 26. Bc4 {[%clk 0:21:37]} Be6 {[%clk 0:18:37]} 27. Qd3
{[%clk 0:17:42]} Bh6 {[%clk 0:15:50]} 28. Rc2 {[%clk 0:13:20]} Bxe3
{[%clk 0:15:06]} 29. Nxe3 {[%clk 0:13:24]} Nc5 {[%clk 0:14:23]} 30. Bxe6 Qxe6
{[%clk 0:13:45]} 31. Qc4 {[%clk 0:12:57]} Qxc4 {[%clk 0:12:38]} 32. Rxc4
{[%clk 0:13:00]} Ne7 {[%clk 0:12:25]} 33. Nxg4 {[%clk 0:12:00]} Ne6
{[%clk 0:12:36]} 34. Re1 {[%clk 0:10:46]} Ra6 {[%clk 0:09:59]} 35. Kg2
{[%clk 0:06:14]} Nxc6 {[%clk 0:05:40]} 36. f4 {[%clk 0:04:27]} Rb8
{[%clk 0:03:11]} 37. Rc2 {[%clk 0:01:54]} Ncd4 {[%clk 0:02:47]} 38. Rf2
{[%clk 0:01:57]} Nc5 {[%clk 0:02:10]} 39. Re3 {[%clk 0:01:13]} e4
{[%clk 0:01:44]} 40. f5 {[%clk 0:30:38]} d5 {[%clk 0:30:39]} 41. f6
{[%clk 0:18:45]} Nd3 {[%clk 0:27:47]} 42. Rd2 {[%clk 0:17:55]} c5
{[%clk 0:23:50]} 43. Kh3 {[%clk 0:14:05]} Nxb2 {[%clk 0:20:21]} 44. Rc3
{[%clk 0:09:51]} Nc4 {[%clk 0:14:45]} 45. Rf2 {[%clk 0:09:56]} Ne6 46. Rf5
{[%clk 0:09:07]} Rd6 {[%clk 0:12:43]} 47. Rh5 {[%clk 0:08:10]} Rg8
{[%clk 0:08:55]} 48. Nh6 {[%clk 0:06:06]} Rf8 {[%clk 0:03:36]} 49. N6f5
{[%clk 0:05:37]} Ng5+ {[%clk 0:02:47]} 50. Rxg5 {[%clk 0:05:23]} Rdxf6
{[%clk 0:03:03]} 51. Ne7 {[%clk 0:03:52]} e3 {[%clk 0:02:04]} 52. Nxd5
{[%clk 0:03:15]} e2 {[%clk 0:01:25]} 53. Ng2 {[%clk 0:03:31]} Rh6+
{[%clk 0:01:36]} 54. Kg4 {[%clk 0:03:51]} Rxh2 {[%clk 0:01:52]} 55. Ne1
{[%clk 0:02:31]} Nd6 {[%clk 0:01:41]} 56. Re5 {[%clk 0:01:00]} Nf7
{[%clk 0:01:28]} 57. Re6 {[%clk 0:00:49]} h5+ {[%clk 0:01:29]} 58. Kf4
{[%clk 0:00:42]} Nd8+ {[%clk 0:01:36]} 59. Rf6 {[%clk 0:01:10]} Rf2+
{[%clk 0:01:46]} 60. Rf3 {[%clk 0:01:16]} Rxf6+ {[%clk 0:01:32]} 61. Nxf6
{[%clk 0:01:45]} Rf1 {[%clk 0:01:44]} 62. Nc2 {[%clk 0:00:51]} Ne6+
{[%clk 0:01:41]} 63. Ke3 {[%clk 0:00:52]} Nd4 {[%clk 0:01:21]} 64. Rf4
{[%clk 0:00:33]} Nxc2+ {[%clk 0:01:33]} 65. Kxe2 {[%clk 0:01:02]} Rxf4
{[%clk 0:01:08]} 66. gxf4 {[%clk 0:01:31]} Nxa3 {[%clk 0:01:10]} 67. Nxh5
{[%clk 0:01:54]} Nc4 {[%clk 0:01:07]} 68. Kd3 {[%clk 0:02:04]} Nd6
{[%clk 0:01:34]} 69. Nf6 {[%clk 0:01:55]} a4 {[%clk 0:01:04]} 70. Kc3
{[%clk 0:01:23]} Nb5+ {[%clk 0:01:10]} 71. Kb2 {[%clk 0:01:20]} c4
{[%clk 0:00:51]} 72. Nd5 {[%clk 0:00:41]} a3+ {[%clk 0:01:01]} 73. Ka2
{[%clk 0:00:55]} Kg7 {[%clk 0:01:17]} 74. Ne3 {[%clk 0:01:03]} c3
{[%clk 0:01:24]} 75. Nc2 {[%clk 0:01:28]} 1/2-1/2

[Event "MP do lat 16 - dziewczeta"]
[Site "Sypniewo"]
[Date "2022.03.26"]
[Round "8.3"]
[White "Szopa, Emilia"]
[Black "Starosta, Martyna"]
[Result "0-1"]
[BlackElo "1894"]
[WhiteElo "1758"]
[LiveChessVersion "1.4.8"]

1. e4 {[%clk 1:28:20]} e5 {[%clk 1:30:54]} 2. Bc4 {[%clk 1:28:23]} Nf6
{[%clk 1:30:58]} 3. d3 {[%clk 1:28:31]} c6 {[%clk 1:31:10]} 4. Nf3
{[%clk 1:28:30]} d5 {[%clk 1:31:11]} 5. Bb3 {[%clk 1:28:45]} a5 {[%clk 1:30:37]}
6. a4 {[%clk 1:28:51]} Bd6 {[%clk 1:27:58]} 7. Nc3 {[%clk 1:28:17]} d4
{[%clk 1:22:46]} 8. Ne2 {[%clk 1:27:50]} Na6 {[%clk 1:20:17]} 9. c3
{[%clk 1:24:00]} dxc3 {[%clk 1:18:43]} 10. bxc3 {[%clk 1:23:43]} O-O
{[%clk 1:16:42]} 11. O-O {[%clk 1:23:13]} Qe7 {[%clk 1:06:49]} 12. Ng3
{[%clk 1:20:25]} Be6 {[%clk 1:02:46]} 13. Bc2 {[%clk 1:13:26]} Nd7
{[%clk 0:56:00]} 14. Ng5 {[%clk 1:00:37]} Rad8 {[%clk 0:50:10]} 15. Nxe6
{[%clk 0:50:17]} fxe6 {[%clk 0:49:43]} 16. Bb3 {[%clk 0:46:31]} Kh8
{[%clk 0:46:02]} 17. Qg4 {[%clk 0:46:08]} Nac5 {[%clk 0:43:52]} 18. Bc4
{[%clk 0:45:36]} Nf6 {[%clk 0:43:23]} 19. Qh4 {[%clk 0:38:53]} Qe8
{[%clk 0:40:18]} 20. d4 {[%clk 0:28:37]} exd4 {[%clk 0:34:36]} 21. e5
{[%clk 0:24:50]} Bxe5 {[%clk 0:32:12]} 22. Ba3 {[%clk 0:21:03]} b6
{[%clk 0:27:01]} 23. Rae1 {[%clk 0:10:36]} Bxg3 {[%clk 0:25:55]} 24. fxg3
{[%clk 0:08:37]} e5 {[%clk 0:15:27]} 25. Rf5 {[%clk 0:05:25]} dxc3
{[%clk 0:12:34]} 26. Bxc5 {[%clk 0:02:06]} bxc5 {[%clk 0:12:55]} 27. Rfxe5
{[%clk 0:01:59]} Qd7 {[%clk 0:11:02]} 28. Rxc5 {[%clk 0:01:23]} Ng4
{[%clk 0:10:18]} 0-1